000 00347nam a2200133Ia 4500
008 240624s9999 xx 000 0 und d
041 _aeng
082 _a368.1
100 _aICRIM
245 _aCLAIMS MANAGEMENT
260 _c2002
_aHyderabad
_bThe Institute of Certified Risk and Insurance Managers
300 _a302 : p. : cm. ; 26
365 _cRS
999 _c5980
_d5980